Normal view
MARC view
- Kalpakjian, Serope
Entry Personal Name
001 - CONTROL NUMBER
- control field: 87076
003 - CONTROL NUMBER IDENTIFIER
- control field: NUST
005 - DATE AND TIME OF LATEST TRANSACTION
- control field: 20211228104409.0
008 - FIXED-LENGTH DATA ELEMENTS
- fixed length control field: 211228|| aca||aabn | a|a d
040 ## - CATALOGING SOURCE
- Original cataloging agency: NUST
- Transcribing agency: NUST
100 ## - HEADING--PERSONAL NAME
- Personal name: Kalpakjian, Serope
670 ## - SOURCE DATA FOUND
- Source citation: Work cat.: (NUST)32777: Kalpakjian, Serope, Manufacturing Engineering and Technology /, 2012.
